000 00927nac a22002171u 4500
010 _a 00027139
020 _a0324021003
082 0 0 _a658.4
_bD124
090 _c4024
_d4024
100 _aDaft, Richard L.
245 1 0 _aOrganization theory and design /
_cRichard L. Daft.
250 _a7th ed.
260 _aCincinnati, Ohio :
_bSouth-Western College Publishing,
_cc2001.
300 _axv, 633 p. :
_bcol. ill. ;
_c26 cm.
504 _aIncludes bibliographical references and indexes.
650 0 _aOrganization.
650 0 _aOrganizational sociology
_xCase studies.
942 _cBB
_k658.4D124
999 _c4024
_d4024